000 00594nmm a2200133Ia 4500
005 20241119151807.0
008 241119s9999||||xx |||||||||||||||||und||
100 _aHutchins, Kristin ; Hiscock, Jennifer ; Draper, Emily ; Leigh, Jennifer ; K.S. von Krbek, Larissa ; Haynes, Cally ; Kieffer, Marion ; McConnell, Anna ; Caltagirone, Claudia ; Watkins, Davita ; Busschaert, Nathalie ; Slater, Anna
245 0 _aWomen in Supramolecular Chemistry
260 _aBristol University Press
_c2022
650 _aHistory
856 _uhttps://www.jstor.org/stable/10.2307/j.ctv2mgg2r5
942 _cE-Book
999 _c182716
_d182716